000 01223nam a22003617a 4500
003 CHAP
005 20220329133717.0
008 971013s1991 r 00010 d
010 _a9806
011 _a10778
035 _a10016
040 _cCHAP
090 _aFolleto 14229
100 0 0 _aChacón Torres, Arturo.
_921707
245 _aSíntesis limnológica del Lago de Patzcuaro, Michoacán, México
260 _aMorelia, Mich. :
_bUniversidad Michoacana de San Nicolas de Hidalgo,
_c1991
300 _a30 p.
490 _aBiología acuática
_v; 1
590 _aBATCH-UPD
_b10
_c20130110
_lUCH01
_h0203
590 _aBATCH-UPD
_b10
_c20130110
_lUCH01
_h2132
590 _aBATCH-UPD
_b10
_c20130409
_lUCH01
_h2214
590 _aBATCH-UPD
_b10
_c20130410
_lUCH01
_h1441
590 _aBATCH-UPD
_b10
_c20130914
_lUCH01
_h0917
590 _aCONVERSION
_b10
_c20130109
_lUCH01
_h1306
650 1 4 _aLago de Pátzcuaro.
_964409
650 1 4 _aLimnología
_xMichoacán.
_966804
700 0 _aMúzquiz Iribe, Elizabeth.
_979154
700 0 _aPérez Munguía, Ricardo.
_989873
830 0 _aBiología acuática
_v; 1
_912809
901 _aBK
942 _cFOLL
949 _aFolleto 14229
_bBC
_cFOLL
_d-21374
_eTS1
_gI.c/e
_i10016
_si
_t8.00
999 _c9806
_d9806